000 02005nam a2200349 a 4500
003 BLK
005 20240605144414.0
008 180410b bul|||||r ||||||| ||bul||
020 _a9786199025468
040 _aBLK
041 _aBUL
_cBUL
080 _aФилософски мистицизъм. Ранни езотерични школи. Кабала. Теософия. Антропософия. Суфизъм. Еклектизъм. Синкретизъм. Херметизъм. Розенкройцерство. Др. школи
_b141.33
_z141.33
080 _aРелигия и наука. Теология и философия. Знание и вяра. Конфликт между църквата и науката Вж и 001;1;291. 1;234; 239
_b215
_z215
080 _aХореография. Танци. Евритмия. Вж и 78.085; 792.8
_b793.3
_x:215
_z793.3:215
084 _aД 95
100 _aДънов, Петър Константинов
_gДънов, Петър Константинов
_9244373
245 1 0 _aКнига за вярата
_bИз словото на учителя Петър Дънов
_cБеинса Дуно; Петър Константинов Дънов; Учителя; предг. Елеазар Хараш.
250 _a3. изд.
257 _aBGR
260 _aВарна
_bБлагоговение
_c2016
_9395401
300 _a280 с.
_c20 см
380 _a1
500 _aБеинса Дуно и Учителя - духовно име на Петър Константинов Дънов
504 _aс. 275-276
650 7 _aДънов, Петър Константинов
_9153926
653 _aдъновизъм
700 1 _aХараш, Елеазар
_9136203
_qЙорданов, Петко Йорданов
852 _bП
_c14/Д 95 П
942 _cKNG
_n0
_s1
_03
944 _aED
_c2024-04-04
_k30576
_lЦветомила Тодорова
999 _c347827
_d347827